000 00438nam a22001697a 4500
005 20260413112437.0
008 160611b xxu||||| |||| 00| 0 eng d
020 _a9780140262780
041 _aeng
082 _a242
100 _aChaliha, Jaya Joly, Edward Le.
_91724
245 _aThe joy in Loving
260 _aNew Delhi
_bPenguin Books India (p) Ltd.
_c1996
300 _a429
650 _aDevotional literature
_98974
942 _cBK
999 _c2432
_d2431